000 00301nam a2200121Ia 4500
008 191201s2014 xx 000 0 und d
100 _aGUPTA,S.L.
245 0 _aFinancial Derivatives Theory, Concepts and Problems
260 _aN. Delhi
_bPHI
_c2014
300 _a616
650 _aMBA
942 _2ddc
_cBK
999 _c6301
_d6301